| 000 | 00828na a2200277 4500 | ||
|---|---|---|---|
| 001 | 13250 | ||
| 003 | MIRAKIL | ||
| 005 | 20181213154853.0 | ||
| 008 | 161031b tu 000 0 | ||
| 020 | _a9757711225 | ||
| 035 | _a13250 | ||
| 040 |
_aMilas _btur _cTR-AnCHP |
||
| 041 | _atur | ||
| 082 |
_a070.442 _bE67i 1995 |
||
| 090 | _a070.442 E67i 1995 | ||
| 100 | _aErtuğrul, Aytekin | ||
| 245 |
_aİlk şartlar _cAytekin Ertuğrul |
||
| 260 |
_aAnkara _bSelvi Yayınevi _c1995 |
||
| 300 |
_a223 s. _c20 sm. |
||
| 490 |
_aSelvi yayınları _v20 |
||
| 500 | _a"Başbakan Sayın Süleyman Demirel'in hükümetin bir yıllık faaliyetlerine ilişkin 21.11.1992 tarihli değerlendirmeleri" | ||
| 650 | _aGazete yazıları | ||
| 651 | _aTürkiye | ||
| 651 |
_aTürkiye _xSiyasal tarih _y1990- |
||
| 942 |
_2dcc _cBKS |
||
| 999 |
_c2328 _d2328 |
||